000 00454pam a2200169 a 4500
020 _a0393963705 (pbk. : v. 1)
020 _a0393963713 (v. 2)
040 _cDLC
082 0 0 _a973 WWN 1993 A101 Or.
100 1 _aTindall, George Brown.
245 1 0 _aAmerica :
_ba narrative history /
250 _aBrief 3rd ed.
260 _aNew York :
_bW.W. Norton,
_cc1993-
300 _av. <1 > :
_bill., maps ;
_c22 cm.
700 1 _aShi, David E.
942 _cEK
999 _c13248
_d13248